[Event "Rowy Seniors op 7th"]
[Site "Rowy"]
[Date "2003.09.05"]
[Round "6"]
[White "Talar, Leszek"]
[Black "Gbyl, Wladyslaw"]
[Result "1-0"]
[WhiteElo "1800"]
[BlackElo "2000"]
[PlyCount "113"]
[EventDate "2003.08.??"]
[EventType "swiss"]
[EventRounds "9"]
[EventCountry "POL"]
[SourceTitle "EXT 2006"]
[Source "ChessBase"]
[SourceDate "2005.11.24"]
[SourceVersion "1"]
[SourceVersionDate "2005.11.24"]
[SourceQuality "1"]

1. Nf3 d5 2. c4 e6 3. g3 Nf6 4. Bg2 Be7 5. 0-0 0-0 6. d3 h6 7. Nc3 Nbd7 8. b3 c5 9. Bb2 d4 10. Nb1 Qc7 11. Nbd2 Nb6 12. Re1 Re8 13. Nf1 Bd7 14. h3 Bd6 15. N1h2 Rad8 16. Bc1 Bc6 17. Rb1 e5 18. Nh4 Bd7 19. e4 Qc8 20. g4 Be7 21. Nf5 Bf8 22. f3 Kh7 23. f4 exf4 24. Bxf4 g6 25. Ng3 g5 26. Bd2 Bd6 27. Qf3 Re6 28. Re2 Be5 29. Rf1 Qc7 30. Be1 Rf8 31. Bh1 Bf4 32. Rg2 Ne8 33. Bd2 Be5 34. Be1 Ng7 35. Bd2 Bc6 36. Nf5 Ree8 37. Be1 Ne6 38. Bg3 Nf4 39. Bxf4 Bxf4 40. h4 f6 41. h5 Be5 42. Re1 Nd7 43. Qe2 Bf4 44. Nf1 Ne5 45. Rf2 Bd7 46. Bf3 Rg8 47. N1g3 Nxd3 48. Qxd3 Bxg3 49. e5 Kh8 50. Nxg3 fxe5 51. Ne4 Rgf8 52. Ref1 Rf4 53. Bd1 Bc6 54. Rxf4 exf4 55. Bf3 Qa5 56. Nf6 Re7 57. Qg6 1-0

[Event "Rowy Seniors op 7th"]
[Site "Rowy"]
[Date "2003.09.04"]
[Round "5"]
[White "Gbyl, Wladyslaw"]
[Black "Cylwik, Zbigniew"]
[Result "0-1"]
[WhiteElo "2000"]
[BlackElo "2103"]
[PlyCount "32"]
[EventDate "2003.08.??"]
[EventType "swiss"]
[EventRounds "9"]
[EventCountry "POL"]
[SourceTitle "EXT 2006"]
[Source "ChessBase"]
[SourceDate "2005.11.24"]
[SourceVersion "1"]
[SourceVersionDate "2005.11.24"]
[SourceQuality "1"]

1. d4 d5 2. c4 e6 3. Nc3 Nf6 4. Bg5 c5 5. cxd5 cxd4 6. Qxd4 Be7 7. Qa4+ Bd7 8. Qb3 Nxd5 9. Bxe7 Qxe7 10. Nxd5 exd5 11. Qxb7 0-0 12. Qxd5 Na6 13. 0-0-0 Be6 14. Qd6 Rac8+ 15. Kb1 Bf5+ 16. e4 Bxe4+ 0-1

[Event "Rowy Seniors op 7th"]
[Site "Rowy"]
[Date "2003.09.01"]
[Round "2"]
[White "Drauszke, Mieczyslaw"]
[Black "Gbyl, Wladyslaw"]
[Result "1-0"]
[WhiteElo "1800"]
[BlackElo "2000"]
[PlyCount "66"]
[EventDate "2003.08.??"]
[EventType "swiss"]
[EventRounds "9"]
[EventCountry "POL"]
[SourceTitle "EXT 2006"]
[Source "ChessBase"]
[SourceDate "2005.11.24"]
[SourceVersion "1"]
[SourceVersionDate "2005.11.24"]
[SourceQuality "1"]

1. c4 Nf6 2. Nc3 d5 3. cxd5 Nxd5 4. g3 Nxc3 5. bxc3 Bd7 6. Bg2 Bc6 7. Nf3 e6 8. 0-0 Be7 9. d4 0-0 10. a4 Nd7 11. Ba3 Bxa3 12. Rxa3 Qe7 13. Ra1 a5 14. Re1 Rfd8 15. e4 Ra6 16. Qc2 Nf6 17. Ne5 Qe8 18. Reb1 Rb6 19. Rd1 Ra6 20. c4 Nd7 21. Nxc6 Rxc6 22. e5 Rb6 23. Rab1 Rxb1 24. Qxb1 b6 25. Bc6 Qe7 26. Bg2 Nb8 27. Be4 g6 28. Bg2 Na6 29. Qb5 Nb4 30. f4 Nc2 31. d5 Qa3 32. Kh1 Ne3 33. Rb1 Qd3 1-0

[Event "Krakow op-B"]
[Site "Krakow"]
[Date "2000.12.28"]
[Round "2"]
[White "Sypien, Mateusz"]
[Black "Gbyl, Wladyslaw"]
[Result "1-0"]
[WhiteElo "2096"]
[BlackElo "2000"]
[PlyCount "97"]
[EventDate "2000.12.??"]
[EventType "swiss"]
[EventRounds "9"]
[EventCountry "POL"]
[SourceTitle "EXT 2005"]
[Source "ChessBase"]
[SourceDate "2004.11.15"]
[SourceVersion "1"]
[SourceVersionDate "2004.11.15"]
[SourceQuality "1"]

1. g3 d5 2. Bg2 Nf6 3. d3 c5 4. Nd2 Nc6 5. e4 e6 6. Ne2 Bd6 7. 0-0 0-0 8. f4 Bc7 9. h3 b6 10. e5 Ne8 11. Nf3 Bb7 12. Be3 f6 13. d4 c4 14. g4 g6 15. Ng3 Ng7 16. exf6 Qxf6 17. Ne5 Nxe5 18. fxe5 Qe7 19. Qd2 Rxf1+ 20. Nxf1 Rf8 21. Bg5 Qe8 22. Ne3 Bd8 23. Bxd8 Qxd8 24. Nxc4 Ba6 25. Nd6 Qh4 26. b4 h5 27. b5 hxg4 28. hxg4 Bc8 29. Rf1 Rxf1+ 30. Kxf1 Bd7 31. Qe2 Qg5 32. Kg1 Ne8 33. c4 Nxd6 34. exd6 Qc1+ 35. Bf1 dxc4 36. Qe4 Qg5 37. Bxc4 Qc1+ 38. Bf1 Bxb5 39. Qxg6+ Kf8 40. Qf6+ Kg8 41. Qxe6+ Kg7 42. Qe5+ Kg6 43. Qh5+ Kg7 44. Qxb5 Qe3+ 45. Kg2 Qe4+ 46. Kg3 Qe3+ 47. Kh2 Qf4+ 48. Kh1 Qxg4 49. Qe5+ 1-0